[Event "DVM U12 2011"]
[Site "Arendsee (Altmark) GER"]
[Date "2011.12.28"]
[Round "3"]
[White "Kagan, Dennis"]
[Black "Dührkop, Jasmin"]
[Result "1/2-1/2"]
[Termination "normal"]
[Board "6.3"]
[WhiteElo "1151"]
[BlackElo "1135"]
[WhiteTeam "SG Porz"]
[BlackTeam "MTV 1876 Saalfeld"]
[WhiteFideId "12983578"]
[BlackFideId "16270509"]
[EventCountry "GER"]
[EventRounds "7"]
[EventType "team-swiss"]
[EventDate "2011.12.26"]

1. e4 e5 2. Nf3 Nc6 3. d4 exd4 4. Nxd4 Nf6 5. Nxc6 bxc6 6. e5 Nd5 7. c4 Ne7 8.
Bf4 Nf5 9. Qd3 d6 10. exd6 cxd6 11. Qe4+ Qe7 12. Bd3 Qxe4+ 13. Bxe4 Bd7 14. O-O
Be7 15. Re1 Nd4 16. Bxd6 Ne6 17. Bxe7 Kxe7 18. Nc3 Rad8 19. Rad1 g6 20. b4 Rhe8
21. h4 h5 22. c5 Kf8 23. Re3 Kg7 24. g3 a6 25. Red3 Re7 26. Bxc6 Bxc6 27. Rxd8
Nxd8 28. Kh2 Nb7 29. a4 Re5 30. b5 axb5 31. axb5 1/2-1/2

[Event "DVM U12 2011"]
[Site "Arendsee (Altmark) GER"]
[Date "2011.12.28"]
[Round "3"]
[White "Rauch, Marie-Louise"]
[Black "Suvorov, Alexander"]
[Result "1/2-1/2"]
[Termination "normal"]
[Board "6.4"]
[WhiteElo "1029"]
[BlackElo "1259"]
[WhiteTeam "MTV 1876 Saalfeld"]
[BlackTeam "SG Porz"]
[WhiteFideId "16217500"]
[BlackFideId "12977063"]
[EventCountry "GER"]
[EventRounds "7"]
[EventType "team-swiss"]
[EventDate "2011.12.26"]

1. e4 Nc6 2. Nc3 d6 3. Bc4 Nf6 4. Nf3 Bg4 5. h3 Bxf3 6. Qxf3 Ne5 7. Qe2 e6 8.
d4 Ned7 9. e5 Ng8 10. exd6 Bxd6 11. d5 e5 12. O-O Ngf6 13. Bb5 O-O 14. Bxd7
Qxd7 15. Bg5 Qf5 16. Bxf6 Qxf6 17. Ne4 Qg6 18. c4 f5 19. Nxd6 cxd6 20. Rac1 b6
21. Rc3 Rae8 22. Rg3 Qh6 23. Rc3 Rf6 24. f4 Kf8 25. Re3 e4 26. Ra3 Rg6 27. Qe3
Ra8 28. b4 Rf6 29. c5 dxc5 30. bxc5 Qg6 31. Rd1 Qh5 32. Rb1 1/2-1/2

[Event "DVM U12 2011"]
[Site "Arendsee (Altmark) GER"]
[Date "2011.12.28"]
[Round "3"]
[White "Pysmennyy, Illya"]
[Black "Buckels, Valentin"]
[Result "0-1"]
[Termination "normal"]
[Board "7.1"]
[WhiteElo "1368"]
[BlackElo "1685"]
[WhiteTeam "PSC Hannover"]
[BlackTeam "SK Turm Kleve"]
[BlackFideId "12942766"]
[EventCountry "GER"]
[EventRounds "7"]
[EventType "team-swiss"]
[EventDate "2011.12.26"]

1. e4 c5 2. Nf3 d6 3. Bb5+ Bd7 4. Bxd7+ Qxd7 5. c4 Nf6 6. Nc3 Nc6 7. b3 g6 8.
Bb2 Bg7 9. Nd5 e5 10. Nxf6+ Bxf6 11. d3 O-O 12. O-O Bg7 13. a3 a6 14. Bc3 f5
15. Nd2 Nd4 16. Bxd4 cxd4 17. f3 b5 18. Rb1 Bh6 19. Rf2 Be3 20. Qc2 Qe7 21.
Rbf1 Rac8 22. Kh1 Bxf2 23. Rxf2 f4 24. b4 Qh4 25. Rf1 Qd8 26. Qa2 Kh8 27. Rb1
Qd7 28. Rb2 bxc4 29. dxc4 Qa4 30. Qb3 Qxb3 31. Rxb3 Rb8 32. Kg1 Kg7 33. Rb1 a5
34. b5 Rfc8 35. a4 Rb6 36. Kf2 Kf6 37. Ke2 g5 38. Rc1 Rb7 39. Nb3 Kf7 40. Kd3
h5 41. h3 Kg7 42. Ra1 Ra7 43. Rb1 Kg6 44. b6 Rb7 45. Nxa5 Rbb8 46. b7 Rc5 47.
Rb5 Kf6 48. Nb3 Rxb5 49. cxb5 Rxb7 50. Nxd4 exd4 51. Kxd4 Ke6 52. Kc4 Kd7 53.
a5 Ra7 54. Kb4 Kc8 55. b6 Ra6 56. Kb5 Kb7 57. Ka4 Ra8 58. Kb5 h4 59. Ka4 Ka6
60. Kb4 Rc8 61. Ka4 Rc1 62. Kb4 Ra1 63. Kc4 Rxa5 64. b7 Kxb7 65. Kd4 Kc6 66.
Kd3 Ra2 67. Kd4 Rxg2 68. e5 Rg3 69. e6 Rxf3 70. Ke4 Rxh3 71. Kf5 f3 72. e7 Kd7
73. Kg4 f2 74. Kxh3 f1=Q+ 75. Kh2 Qf3 0-1

[Event "DVM U12 2011"]
[Site "Arendsee (Altmark) GER"]
[Date "2011.12.28"]
[Round "3"]
[White "Richter, Fabian"]
[Black "Gisy, Gianna"]
[Result "1/2-1/2"]
[Termination "normal"]
[Board "7.2"]
[WhiteElo "1063"]
[BlackElo "1329"]
[WhiteTeam "SK Turm Kleve"]
[BlackTeam "PSC Hannover"]
[EventCountry "GER"]
[EventRounds "7"]
[EventType "team-swiss"]
[EventDate "2011.12.26"]

1. e4 e5 2. Nf3 Nc6 3. Bc4 Nf6 4. Ng5 d5 5. exd5 Na5 6. Bb5+ c6 7. dxc6 bxc6 8.
Qf3 Bd7 9. Ba4 Be7 10. Ne4 Rc8 11. Nbc3 O-O 12. d3 Nxe4 13. Nxe4 Nb7 14. Qg3
Qa5+ 15. Nc3 Kh8 16. a3 Rfe8 17. Be3 1/2-1/2

[Event "DVM U12 2011"]
[Site "Arendsee (Altmark) GER"]
[Date "2011.12.28"]
[Round "3"]
[White "Gisy, Gemma"]
[Black "Habersetzer, Marc"]
[Result "1/2-1/2"]
[Termination "normal"]
[Board "7.3"]
[WhiteElo "1062"]
[BlackElo "1075"]
[WhiteTeam "PSC Hannover"]
[BlackTeam "SK Turm Kleve"]
[EventCountry "GER"]
[EventRounds "7"]
[EventType "team-swiss"]
[EventDate "2011.12.26"]

1. e4 d5 2. exd5 Qxd5 3. Nc3 Qa5 4. Nf3 c6 5. d4 e6 6. Bd2 Nf6 7. a3 Nbd7 8. b4
Qd8 9. Bd3 Bd6 10. O-O O-O 11. Re1 Re8 12. Ne5 Nd5 13. Nxd5 cxd5 14. Qf3 f6 15.
Nxd7 Bxd7 16. Qh3 h6 17. Bg6 Re7 18. g3 Bc7 19. Re3 Bb6 20. c3 e5 21. Qh4 e4
22. Rae1 Bc6 23. f3 Qd6 24. fxe4 dxe4 25. Bxe4 Bxe4 26. Rxe4 Rae8 27. Rxe7 Rxe7
28. Rxe7 Qxe7 29. Kf2 Qd7 30. h3 Qa4 31. Qg4 Qc2 32. Ke2 a5 33. Qc8+ Kh7 34.
Qxb7 Bd8 35. bxa5 Bxa5 36. Qc6 Qa2 37. Qc5 Bd8 38. Qc8 Bb6 39. Qb7 Ba5 40. Qe4+
f5 41. Qxf5+ g6 42. Qxa5 Qe6+ 43. Qe5 Qc4+ 44. Ke1 Qa2 45. Qe3 Qb1+ 46. Kf2
Qf5+ 47. Qf4 Qc2 48. Qxh6+ Kg8 49. c4 Qd3 50. Be3 Qc2+ 51. Kf3 Qd1+ 52. Ke4
Qb1+ 53. Kd5 Qf5+ 54. Kc6 Qe6+ 55. Kb7 Qd7+ 56. Ka8 Qc8+ 57. Ka7 Qc7+ 58. Ka8
Qd8+ 59. Ka7 Qc7+ 60. Ka6 Qxc4+ 61. Ka5 Qc3+ 62. Kb6 Qb3+ 63. Kc6 Qe6+ 64. Kc5
Qe7+ 65. Kb5 Qb7+ 66. Ka4 Qa6+ 67. Kb3 Qb5+ 68. Kc3 Qa5+ 69. Kc4 Qa4+ 70. Kd5
Qb5+ 71. Kd6 Qb6+ 72. Ke5 Qc7+ 73. Kd5 Qd7+ 74. Kc5 Qc7+ 75. Kb5 Qb7+ 76. Kc4
Qa6+ 77. Kd5 Qa5+ 78. Kc6 Qa6+ 79. Kd5 Qb5+ 80. Kd6 Qb6+ 81. Kd7 Qb5+ 82. Kd6
Qb6+ 83. Kd7 Qb5+ 84. Kc8 1/2-1/2

[Event "DVM U12 2011"]
[Site "Arendsee (Altmark) GER"]
[Date "2011.12.28"]
[Round "3"]
[White "Melde, Benjamin"]
[Black "Phunhon Lopez, Daniel Alejandro"]
[Result "0-1"]
[Termination "normal"]
[Board "7.4"]
[WhiteElo "908"]
[BlackElo "1083"]
[WhiteTeam "SK Turm Kleve"]
[BlackTeam "PSC Hannover"]
[WhiteFideId "12958816"]
[BlackFideId "12952567"]
[EventCountry "GER"]
[EventRounds "7"]
[EventType "team-swiss"]
[EventDate "2011.12.26"]

1. e4 c5 2. Nf3 d6 3. Bb5+ Bd7 4. Bxd7+ Qxd7 5. Nc3 Nc6 6. d3 Nf6 7. O-O g6 8.
Bf4 Bg7 9. e5 dxe5 10. Bxe5 Nxe5 11. Nxe5 Qd6 12. Nf3 O-O 13. Ne4 Nxe4 14. dxe4
Qxd1 15. Raxd1 Bxb2 16. Rb1 Bg7 17. Rxb7 e6 18. Rc7 Rfc8 19. Rxc8+ Rxc8 20. g3
Rb8 21. c4 Rb2 22. Ra1 Rc2 23. Rb1 Rxc4 24. Rb7 Ra4 25. Rb5 Bf8 26. Rb2 Rxe4
27. Kg2 Rc4 28. Ne5 Ra4 29. Rb8 Kg7 30. Nd7 Bd6 31. Rc8 Rxa2 32. Nxc5 Bxc5 33.
Rxc5 a5 34. h4 a4 35. Kf3 a3 36. Ra5 Ra1 37. Ke2 h5 38. Kd2 Kf6 39. Kc3 Ra2 40.
Kb4 Rxf2 41. Rxa3 Kf5 42. Kc5 Kg4 43. Kd6 Rf3 44. Ra4+ Kxg3 45. Ke7 Rf4 46.
Rxf4 Kxf4 47. Kxf7 e5 48. Kxg6 Kg4 49. Kf6 e4 50. Ke5 e3 51. Ke4 e2 52. Kd3
e1=Q 53. Kd4 Qe2 54. Kd5 Qe3 55. Kd6 Qe4 56. Kc5 Qd3 57. Kc6 Qd4 58. Kc7 Qd5
59. Kc8 Qd6 60. Kb7 Kf5 61. Kc8 Qe7 62. Kb8 Qd7 63. Ka8 Qb5 64. Ka7 Ke6 65. Ka8
Kd7 66. Ka7 Kc7 67. Ka8 Qa6# 0-1

[Event "DVM U12 2011"]
[Site "Arendsee (Altmark) GER"]
[Date "2011.12.28"]
[Round "3"]
[White "Wichmann, Adrian"]
[Black "Surguchov, Alexander"]
[Result "1/2-1/2"]
[Termination "normal"]
[Board "8.1"]
[WhiteElo "1694"]
[BlackElo "1602"]
[WhiteTeam "SV Seubelsdorf"]
[BlackTeam "Verein f.S.u.F. Düsseldorf"]
[WhiteFideId "12904708"]
[BlackFideId "1272035"]
[EventCountry "GER"]
[EventRounds "7"]
[EventType "team-swiss"]
[EventDate "2011.12.26"]

1. e4 e6 2. d4 d5 3. exd5 exd5 4. Bd3 Bd6 5. Ne2 Nf6 6. Nbc3 O-O 7. f3 h6 8.
Bf4 Re8 9. O-O Be7 10. Qd2 Be6 11. Ng3 a6 12. Bf5 Bxf5 13. Nxf5 Qd7 14. Ng3 Nc6
15. Rfe1 Bb4 16. a3 Ba5 17. Be3 Bb6 18. Bf2 Ba7 19. Re2 Rxe2 20. Ngxe2 Re8 21.
Kf1 Qf5 22. Ng3 Qd7 23. Re1 Rxe1+ 24. Kxe1 Qe6+ 25. Nce2 Ne8 26. c3 Nd6 27. b3
Na5 28. Qc2 c6 29. Kf1 b5 30. Nf4 Qe7 31. Nd3 1/2-1/2

[Event "DVM U12 2011"]
[Site "Arendsee (Altmark) GER"]
[Date "2011.12.28"]
[Round "3"]
[White "Berezhnoy, Alex"]
[Black "Kolb, Verena"]
[Result "1-0"]
[Termination "normal"]
[Board "8.2"]
[WhiteElo "1472"]
[BlackElo "964"]
[WhiteTeam "Verein f.S.u.F. Düsseldorf"]
[BlackTeam "SV Seubelsdorf"]
[WhiteFideId "12918997"]
[BlackFideId "12992313"]
[EventCountry "GER"]
[EventRounds "7"]
[EventType "team-swiss"]
[EventDate "2011.12.26"]

1. e4 e6 2. d4 d5 3. Nc3 c5 4. Nf3 Nc6 5. Be3 Qb6 6. b3 Nf6 7. exd5 Nxd5 8.
Nxd5 exd5 9. Qd2 Be7 10. Be2 O-O 11. O-O Bf6 12. dxc5 Qb4 13. Qxb4 Nxb4 14.
Rad1 Rd8 15. Bd4 Bxd4 16. Nxd4 Nxa2 17. Nb5 a6 18. Nd6 Nc3 19. Rd2 Rb8 20. Bf3
Be6 21. Rd3 Ne4 22. Nxe4 dxe4 23. Bxe4 Rxd3 24. Bxd3 Re8 25. c6 bxc6 26. Bxa6
Bf5 27. c3 Kf8 28. h3 g5 29. f4 gxf4 30. Rxf4 Bg6 31. Kf2 Rd8 32. Rd4 Re8 33.
Rc4 Re6 34. Rf4 Rd6 35. Rd4 Re6 36. Bc4 Re7 37. Be2 Re6 38. Bf3 Rf6 39. Rc4 Bc2
40. Rxc6 Rxc6 41. Bxc6 Bxb3 42. Bb5 Be6 43. g4 Bc8 44. Ke3 Ke7 45. Kf4 Kf6 46.
c4 Kg6 47. c5 f5 48. Bd3 Kf6 49. Bxf5 Bb7 50. Bxh7 Ke7 51. g5 Bc8 52. Bf5 Bb7
53. h4 Kf7 54. Be4 Bc8 55. c6 Kg7 56. c7 Kf7 57. Bf5 Bb7 58. c8=Q Bxc8 59. Bxc8
Kg7 60. h5 Kh7 61. Bh3 Kg7 62. Kf5 Kh7 63. h6 Kh8 64. g6 Kg8 65. Kf6 Kh8 66.
g7+ Kh7 67. Kf7 Kxh6 68. g8=Q Kh5 69. Qg4+ Kh6 70. Qg6# 1-0

[Event "DVM U12 2011"]
[Site "Arendsee (Altmark) GER"]
[Date "2011.12.28"]
[Round "3"]
[White "Werner, Sebastian"]
[Black "Schmitz, Fabian"]
[Result "0-1"]
[Termination "normal"]
[Board "8.3"]
[WhiteElo "1043"]
[BlackElo "1287"]
[WhiteTeam "SV Seubelsdorf"]
[BlackTeam "Verein f.S.u.F. Düsseldorf"]
[BlackFideId "12965006"]
[EventCountry "GER"]
[EventRounds "7"]
[EventType "team-swiss"]
[EventDate "2011.12.26"]

1. e4 e6 2. d4 d5 3. e5 c5 4. c3 Nc6 5. Nf3 Qb6 6. Bd3 Bd7 7. Bc2 O-O-O 8. O-O
Kb8 9. Bb3 Rc8 10. Ba4 Rc7 11. Bxc6 Bxc6 12. Bg5 Qxb2 13. Qd2 Qxa1 14. Na3
Qxf1+ 15. Kxf1 cxd4 16. Nxd4 Bxa3 17. Bd8 Rc8 18. Bh4 Ne7 19. Nc2 Bc5 20. Qg5
Nf5 21. Bg3 Be7 22. Qg4 Bb5+ 23. Kg1 Rxc3 24. Ne3 Rc1+ 25. Nf1 Rxf1# 0-1

[Event "DVM U12 2011"]
[Site "Arendsee (Altmark) GER"]
[Date "2011.12.28"]
[Round "3"]
[White "Gula, Julian"]
[Black "Wiemann, Daniel"]
[Result "1-0"]
[Termination "normal"]
[Board "8.4"]
[WhiteElo "899"]
[BlackElo "1047"]
[WhiteTeam "Verein f.S.u.F. Düsseldorf"]
[BlackTeam "SV Seubelsdorf"]
[WhiteFideId "12954799"]
[BlackFideId "12942944"]
[EventCountry "GER"]
[EventRounds "7"]
[EventType "team-swiss"]
[EventDate "2011.12.26"]

1. e4 e6 2. d4 d5 3. exd5 exd5 4. Bd3 Nc6 5. c3 Nce7 6. Nf3 Bf5 7. Bxf5 Nxf5 8.
O-O Be7 9. Re1 Nf6 10. Bf4 c6 11. Nbd2 O-O 12. Ne5 Nd7 13. Qf3 Nxe5 14. Bxe5
Nh4 15. Qg3 Ng6 16. Re2 Nxe5 17. Rxe5 Bd6 18. Rae1 f6 19. Qh3 fxe5 20. dxe5 Bc5
21. Re2 Rf7 22. b4 Bb6 23. Nf3 Bc7 24. e6 Re7 25. Ng5 h6 26. Nf7 Rxf7 27. exf7+
Kxf7 28. Qe6+ Kf8 29. Re3 Qe8 30. Rf3+ Bf4 31. Rxf4+ Qf7 32. Qxf7# 1-0

[Event "DVM U12 2011"]
[Site "Arendsee (Altmark) GER"]
[Date "2011.12.28"]
[Round "3"]
[White "Meier, Lukas"]
[Black "Saive, Philipp"]
[Result "0-1"]
[Termination "normal"]
[Board "9.1"]
[WhiteElo "1006"]
[BlackElo "1177"]
[WhiteTeam "SV Oberursel"]
[BlackTeam "SC 1997 Lambsheim"]
[BlackFideId "16274792"]
[EventCountry "GER"]
[EventRounds "7"]
[EventType "team-swiss"]
[EventDate "2011.12.26"]

1. Nf3 Nf6 2. Nc3 d5 3. d4 Bg4 4. h3 Bxf3 5. gxf3 e6 6. a3 Nbd7 7. e3 c5 8. Bb5
a6 9. Bxd7+ Nxd7 10. dxc5 Bxc5 11. b4 Be7 12. Bd2 Bf6 13. e4 Nb6 14. Rb1 Rc8
15. Ne2 Nc4 16. exd5 Nxa3 17. Rb3 Nxc2+ 18. Kf1 Qxd5 19. Rb1 O-O 20. Rg1 Qxf3
21. Rg3 Qh5 22. Rc1 Be5 23. Nf4 Qxd1+ 24. Rxd1 Nxb4 25. Bxb4 Bxf4 26. Rg4 Bh6
27. Bxf8 Kxf8 28. Rd7 b5 29. Ra7 Rc6 30. Rd4 Bg5 31. Rdd7 Bf6 32. Rxf7+ Ke8 33.
Rfb7 Kd8 34. Rb8+ Rc8 35. Rxc8+ Kxc8 36. Rxa6 Kb7 37. Rxe6 b4 38. Re1 b3 39.
Rb1 b2 40. f4 Kc6 41. Kg2 Kc5 42. Kf2 Kc4 43. Ke2 Kc3 44. Kd1 Kd3 45. h4 h5 46.
Ke1 Bxh4+ 47. Kf1 Bf6 48. Kf2 h4 49. f5 Kc2 50. Re1 b1=Q 51. Rxb1 Kxb1 52. Kf3
Kc2 53. Kg4 Kd3 54. Kf3 Kd4 55. Kf4 Kd5 56. Kg4 Ke4 57. Kh3 Kxf5 58. Kh2 Kg4
59. Kh1 g5 60. Kh2 h3 61. Kh1 h2 62. Kxh2 Kf3 63. Kh1 g4 64. Kg1 g3 65. Kh1 g2+
66. Kg1 Bd4+ 67. Kh2 g1=Q+ 68. Kh3 Qg3# 0-1

[Event "DVM U12 2011"]
[Site "Arendsee (Altmark) GER"]
[Date "2011.12.28"]
[Round "3"]
[White "Tepper, Oliver"]
[Black "Rogalski, Maximilian"]
[Result "1-0"]
[Termination "normal"]
[Board "9.2"]
[WhiteElo "1098"]
[BlackElo "1010"]
[WhiteTeam "SC 1997 Lambsheim"]
[BlackTeam "SV Oberursel"]
[EventCountry "GER"]
[EventRounds "7"]
[EventType "team-swiss"]
[EventDate "2011.12.26"]

1. e4 e5 2. Nf3 Nc6 3. Nc3 Nf6 4. Bb5 d6 5. d3 Bd7 6. Bg5 Be7 7. Qe2 O-O 8.
O-O-O a6 9. Bxc6 Bxc6 10. Rhe1 Qd7 11. d4 exd4 12. Nxd4 Ne8 13. Bxe7 Qxe7 14.
Nxc6 bxc6 15. Qd2 Nf6 16. Qg5 Ra7 17. e5 dxe5 18. Rxe5 Qb4 19. Qg3 h6 20. b3
Raa8 21. Qf3 Qb6 22. Qe3 Qxe3+ 23. Rxe3 Ng4 24. Re7 Rad8 25. h3 Nf6 26. Rxc7
Rxd1+ 27. Nxd1 Rd8 28. Rxc6 Ra8 29. Ne3 a5 30. a4 Nh5 31. g3 g6 32. Nd5 Re8 33.
g4 Ng7 34. Nf6+ Kf8 35. Nxe8 Kxe8 36. Rc5 Ke7 37. Rxa5 f5 38. gxf5 Nxf5 39. Rb5
Nd4 40. Rb6 Kf7 1-0

[Event "DVM U12 2011"]
[Site "Arendsee (Altmark) GER"]
[Date "2011.12.28"]
[Round "3"]
[White "Spierling, Maximilian"]
[Black "Wacker, Felix"]
[Result "1-0"]
[Termination "normal"]
[Board "9.3"]
[WhiteElo "1102"]
[BlackElo "1073"]
[WhiteTeam "SV Oberursel"]
[BlackTeam "SC 1997 Lambsheim"]
[BlackFideId "12953040"]
[EventCountry "GER"]
[EventRounds "7"]
[EventType "team-swiss"]
[EventDate "2011.12.26"]

1. e4 e5 2. Nf3 Nc6 3. Bc4 Bc5 4. d3 Nf6 5. O-O O-O 6. h3 d6 7. c3 Qe7 8. Nbd2
Be6 9. Bb3 Rfd8 10. Re1 Rd7 11. Nf1 Rad8 12. Ng3 d5 13. exd5 Bxd5 14. d4 Bd6
15. dxe5 Bxe5 16. Bf4 Bxf3 17. Qxf3 Rd3 18. Re3 Rxe3 19. Bxe3 Bxg3 20. Qxg3 Na5
21. Ba4 Nc4 22. Bh6 g6 23. b4 Qd6 24. Qh4 Qe5 25. Qxc4 c6 26. Bf4 Qd5 27. Bb3
b5 28. Qe2 Qe4 29. Qxe4 Nxe4 30. c4 Nc3 31. Be5 bxc4 32. Bxc4 1-0

[Event "DVM U12 2011"]
[Site "Arendsee (Altmark) GER"]
[Date "2011.12.28"]
[Round "3"]
[White "Dalchow, Jonas"]
[Black "Vogt, Dennis"]
[Result "1-0"]
[Termination "normal"]
[Board "9.4"]
[WhiteElo "1088"]
[BlackElo "800"]
[WhiteTeam "SC 1997 Lambsheim"]
[BlackTeam "SV Oberursel"]
[WhiteFideId "12971251"]
[EventCountry "GER"]
[EventRounds "7"]
[EventType "team-swiss"]
[EventDate "2011.12.26"]

1. e4 e5 2. Nf3 Nc6 3. Bb5 a6 4. Bxc6 bxc6 5. Nc3 f6 6. O-O Ne7 7. d4 exd4 8.
Nxd4 d5 9. Nf3 dxe4 10. Qxd8+ Kxd8 11. Nxe4 f5 12. Nc5 Nd5 13. Bg5+ Be7 14.
Rfe1 Nf6 15. Ne5 Bxc5 16. Nf7+ Kd7 17. Nxh8 Ne4 18. Be3 Bb4 19. c3 Ba5 20. b4
Bb6 21. Bxb6 cxb6 22. Rad1+ Kc7 23. f3 Ng5 24. Re7+ Kb8 25. Rd8 a5 26. h4 Ne6
27. Rxe6 axb4 28. Rxc6 Rxa2 29. Rdxc8+ Kb7 30. R6c7+ Ka6 31. c4 b3 1-0

[Event "DVM U12 2011"]
[Site "Arendsee (Altmark) GER"]
[Date "2011.12.28"]
[Round "4"]
[White "Sawlin, Leonid"]
[Black "Poghosyan, Tigran"]
[Result "1-0"]
[Termination "normal"]
[Board "1.1"]
[WhiteElo "1874"]
[BlackElo "1770"]
[WhiteTeam "TuS Makkabi Berlin"]
[BlackTeam "Lübecker SV"]
[WhiteFideId "4689542"]
[BlackFideId "12909319"]
[EventCountry "GER"]
[EventRounds "7"]
[EventType "team-swiss"]
[EventDate "2011.12.26"]

1. e4 c5 2. Nf3 d6 3. d4 cxd4 4. Nxd4 Nf6 5. Nc3 a6 6. Be3 e5 7. Nf3 Be6 8. Ng5
Nc6 9. Nxe6 fxe6 10. Bc4 Qd7 11. O-O b5 12. Bb3 Be7 13. f4 exf4 14. Bxf4 Rd8
15. Qd3 O-O 16. Rad1 Kh8 17. Qh3 e5 18. Be6 Qe8 19. Be3 b4 20. Nd5 Qh5 21. Qxh5
Nxh5 22. Nxe7 Rxf1+ 23. Rxf1 Nxe7 24. Bg5 Nf6 25. Rxf6 h6 26. Rf7 hxg5 27. Rxe7
1-0

[Event "DVM U12 2011"]
[Site "Arendsee (Altmark) GER"]
[Date "2011.12.28"]
[Round "4"]
[White "Kololli, Kevin"]
[Black "Lagunow, Raphael"]
[Result "0-1"]
[Termination "normal"]
[Board "1.2"]
[WhiteElo "1762"]
[BlackElo "1801"]
[WhiteTeam "Lübecker SV"]
[BlackTeam "TuS Makkabi Berlin"]
[WhiteFideId "12936863"]
[BlackFideId "24652644"]
[EventCountry "GER"]
[EventRounds "7"]
[EventType "team-swiss"]
[EventDate "2011.12.26"]

1. e4 c5 2. Nf3 Nc6 3. d4 cxd4 4. Nxd4 g6 5. Nc3 Bg7 6. Nb3 Nf6 7. Be2 O-O 8.
O-O d6 9. Be3 Bd7 10. f4 a6 11. Qe1 b5 12. Bf3 Rc8 13. Qg3 Qc7 14. f5 Ne5 15.
fxg6 hxg6 16. Bd4 b4 17. Bxe5 dxe5 18. Nd1 Qxc2 19. Qxe5 Qc7 20. Qxc7 Rxc7 21.
Ne3 Bb5 22. Rfc1 Rfc8 23. Rxc7 Rxc7 24. Rc1 Rxc1+ 25. Nxc1 Nd7 26. b3 Bd4 27.
Kf2 Nc5 28. e5 Bb2 29. Ne2 Nd3+ 30. Kg1 Nxe5 31. Kf2 Nd3+ 32. Kg1 Kg7 0-1

[Event "DVM U12 2011"]
[Site "Arendsee (Altmark) GER"]
[Date "2011.12.28"]
[Round "4"]
[White "Schmidek, Emil"]
[Black "Kololli, Martin"]
[Result "1-0"]
[Termination "normal"]
[Board "1.3"]
[WhiteElo "1792"]
[BlackElo "1690"]
[WhiteTeam "TuS Makkabi Berlin"]
[BlackTeam "Lübecker SV"]
[WhiteFideId "12908150"]
[BlackFideId "12936910"]
[EventCountry "GER"]
[EventRounds "7"]
[EventType "team-swiss"]
[EventDate "2011.12.26"]

1. e4 e5 2. Nf3 Nc6 3. Bb5 Nf6 4. d3 d6 5. c3 a6 6. Ba4 Be7 7. O-O O-O 8. Re1
Bd7 9. Nbd2 Re8 10. Nf1 Bf8 11. Ng3 Ne7 12. Bxd7 Qxd7 13. Bg5 Qe6 14. d4 c6 15.
Bxf6 Qxf6 16. dxe5 dxe5 17. Qd7 Rab8 18. Rad1 Ng6 19. Qc7 Rec8 20. Qb6 Bd6 21.
Rd2 Bc7 22. Qb3 b5 23. Red1 Nf8 24. Qa3 a5 25. Nf5 b4 26. cxb4 axb4 27. Qa4 c5
28. Rd5 Ne6 29. Rd7 Bd8 30. Nd6 Rc7 31. Ne8 Qf4 32. Nxc7 Bxc7 33. Qc6 Ba5 34.
Qd6 Re8 35. Qxe5 Qh6 36. Qf5 Rf8 37. Ra7 Bb6 38. Rb7 Bc7 39. e5 g6 40. Qe4 Qh5
41. Rd7 Bd8 42. Rb8 Qh6 43. Qe3 Qh5 44. h3 Qf5 45. Qd3 Qxd3 46. Rxd3 Be7 47.
Rxf8+ Kxf8 48. g3 c4 49. Rd2 c3 50. bxc3 bxc3 51. Rc2 Bb4 52. a3 Ba5 53. Kf1
Ke7 54. Ke2 Nc5 55. Nd4 Kd7 56. Nb5 Na4 57. Kd3 Nb2+ 58. Kd4 Nd1 59. Nxc3 Bb6+
60. Kd5 Nxf2 61. Rb2 Be3 62. Rb7+ Ke8 63. Kd6 Kf8 64. a4 Nd3 65. Ne4 Bd4 66.
Rb5 Bb2 67. a5 Ba3+ 68. Nc5 1-0

[Event "DVM U12 2011"]
[Site "Arendsee (Altmark) GER"]
[Date "2011.12.28"]
[Round "4"]
[White "Altemüller, Jakob"]
[Black "Hübner, Alan-Ari"]
[Result "0-1"]
[Termination "normal"]
[Board "1.4"]
[WhiteElo "1481"]
[BlackElo "1677"]
[WhiteTeam "Lübecker SV"]
[BlackTeam "TuS Makkabi Berlin"]
[BlackFideId "12903965"]
[EventCountry "GER"]
[EventRounds "7"]
[EventType "team-swiss"]
[EventDate "2011.12.26"]

1. e4 c5 2. Nf3 d6 3. d4 cxd4 4. Nxd4 Nf6 5. Nc3 a6 6. Bc4 e6 7. O-O Be7 8. Be3
b5 9. Bb3 b4 10. Na4 O-O 11. Nf3 Nbd7 12. Qd3 Bb7 13. Nd2 Rc8 14. f3 d5 15.
exd5 Nxd5 16. Bf2 Nc5 17. Nxc5 Bxc5 18. Bxc5 Rxc5 19. Ne4 Rc7 20. Rad1 Qd7 21.
Rd2 Nb6 22. Qxd7 Rxd7 23. Rxd7 Nxd7 24. Ng5 Nc5 25. Bc4 h6 26. Nh3 Rd8 27. b3
Rd2 28. Rf2 Rd4 29. Rf1 Kf8 30. Rf2 e5 31. g3 f6 32. Kg2 g5 33. Ng1 Kg7 34. Be2
Rd2 35. Bd3 Rd1 36. Rf1 Rxf1 37. Bxf1 e4 38. g4 exf3+ 39. Nxf3 Be4 40. Kg3 Bxc2
41. Nd4 Bb1 42. Nc6 Bxa2 43. Nxb4 Bxb3 44. Nxa6 Ne4+ 45. Kh3 Bd1 46. Nb4 Nf2+
47. Kg3 Nxg4 48. Nd5 Ne5 49. Ne3 Bb3 50. Bg2 Be6 51. Be4 Ng6 52. Bd3 Ne7 53.
Bc2 f5 54. Ng2 Kf6 55. Bb1 Nd5 56. Bd3 f4+ 57. Kf2 Bf5 58. Be2 Ke5 59. Ne1 g4
60. Bf1 h5 61. Ng2 Be4 62. Ne1 Nc3 63. Kg1 Nd1 64. Be2 Nc3 65. Bf1 f3 66. Kf2
Kf4 67. Kg1 Nd1 68. Kh1 f2+ 69. Ng2+ Kg5 70. Be2 Ne3 71. Bf1 Nxg2 0-1

[Event "DVM U12 2011"]
[Site "Arendsee (Altmark) GER"]
[Date "2011.12.28"]
[Round "4"]
[White "Riehle, Marco"]
[Black "Gungl, Theo"]
[Result "1/2-1/2"]
[Termination "normal"]
[Board "2.1"]
[WhiteElo "1759"]
[BlackElo "1781"]
[WhiteTeam "SF Sasbach"]
[BlackTeam "USV TU Dresden"]
[WhiteFideId "12904392"]
[BlackFideId "24695653"]
[EventCountry "GER"]
[EventRounds "7"]
[EventType "team-swiss"]
[EventDate "2011.12.26"]

1. e4 c6 2. c4 d5 3. exd5 cxd5 4. cxd5 Nf6 5. Nc3 Nbd7 6. Qa4 g6 7. Nf3 Bg7 8.
d4 O-O 9. Bd3 Nb6 10. Qc2 Nbxd5 11. a3 b6 12. O-O Bb7 13. Ne5 Rc8 14. Bd2 Nd7
15. Rae1 Nxe5 16. dxe5 Qd7 17. Qb1 Rfd8 18. Bb5 Nxc3 19. Bxd7 Nxb1 20. Bxc8
Nxd2 21. Bxb7 Nxf1 22. Kxf1 Rd2 23. b3 e6 24. Re3 Bf8 25. b4 Bh6 26. Rc3 Bf4
27. Rc8+ Kg7 28. Ra8 Bxe5 29. Rxa7 Bd4 30. f4 Rf2+ 31. Ke1 Rxf4 32. b5 Bc3+ 33.
Ke2 Ba5 34. Bc6 Ra4 35. Be8 Rxa3 36. Bxf7 Kf6 37. Bg8 Ra2+ 38. Kf3 Ra3+ 39. Ke2
h5 40. Rf7+ Ke5 41. Re7 Ra2+ 42. Kf3 Ra3+ 1/2-1/2

[Event "DVM U12 2011"]
[Site "Arendsee (Altmark) GER"]
[Date "2011.12.28"]
[Round "4"]
[White "Scholz, Robert"]
[Black "Ehmann, Thilo"]
[Result "1-0"]
[Termination "normal"]
[Board "2.2"]
[WhiteElo "1776"]
[BlackElo "1860"]
[WhiteTeam "USV TU Dresden"]
[BlackTeam "SF Sasbach"]
[WhiteFideId "1270301"]
[BlackFideId "12940968"]
[EventCountry "GER"]
[EventRounds "7"]
[EventType "team-swiss"]
[EventDate "2011.12.26"]

1. e4 e5 2. Nf3 Nc6 3. Bc4 Bc5 4. c3 Nf6 5. d3 a6 6. Bb3 Ba7 7. h3 d6 8. Nbd2
O-O 9. Nf1 h6 10. Qe2 Be6 11. Bc2 d5 12. g4 dxe4 13. dxe4 Ne8 14. Ng3 Kh7 15.
g5 Rg8 16. Nf5 hxg5 17. Nxg5+ Kg6 18. Qg4 Nf6 19. Nh4+ Kh6 20. Nxf7+ Kh7 21.
Qg6# 1-0

[Event "DVM U12 2011"]
[Site "Arendsee (Altmark) GER"]
[Date "2011.12.28"]
[Round "4"]
[White "Martin, Julian"]
[Black "Schamschurko, André"]
[Result "1-0"]
[Termination "normal"]
[Board "2.3"]
[WhiteElo "1576"]
[BlackElo "1738"]
[WhiteTeam "SF Sasbach"]
[BlackTeam "USV TU Dresden"]
[WhiteFideId "12941000"]
[BlackFideId "24695670"]
[EventCountry "GER"]
[EventRounds "7"]
[EventType "team-swiss"]
[EventDate "2011.12.26"]

1. e4 e6 2. d4 d5 3. Nd2 Nf6 4. Bd3 c5 5. e5 Nfd7 6. c3 Nc6 7. Ngf3 cxd4 8.
cxd4 f6 9. exf6 Nxf6 10. O-O Bd6 11. Qe2 O-O 12. Nb3 Qc7 13. Re1 Qf7 14. Ng5
Qh5 15. Qxh5 Nxh5 16. Bxh7+ Kh8 17. Bg6 Nf4 18. Bxf4 Bxf4 19. Nxe6 Bxe6 20.
Rxe6 Rac8 21. Rae1 Nb4 22. g3 Bg5 23. h4 Bf6 24. Rd6 Nc2 25. Rd1 Rfd8 26. Rxd8+
Bxd8 27. Rc1 1-0